000 00796nam a22002657a 4500
001 9866
003 FISKH
005 20260310094245.0
008 260310b cb ||||| |||| 00| 0 eng d
020 _a9780688065188
040 _aFISKH
_beng
_cFISKH
_dFISKH
050 _aBF561 .A47
082 _a152.4
100 _aAliki
_eAuthor
245 _aFeelings /
_cAliki
260 _aNew York :
_bHarperCollins Publisher ;
_c1984
300 _a32 pages :
_bcolor illustrations ;
_c25 cm
505 _aNP
520 _aPictures, dialogs, poems, and stories portray various emotions we all feel: jealousy, sadness, fear, anger, joy, love, and others.
521 8 _aNP
650 _aAll about me
_vCharacter
650 _aCharacter education
_vChildren
942 _2ddc
_cBK
_n0
999 _c9866
_d9866